Score 0/15 Timer 02:00
3 Plays Today
Clue 5-Letter Word % Correct
A light hair colorBLOND
96.1%
What your circulatory system pumpsBLOOD
94.7%
A thousand dollarsGRAND
93.3%
Pineal, thyroid or pituitary, e.g.GLAND
92.5%
US President and former Civil War generalGRANT
90.3%
Boring or insipidBLAND
89.8%
Cirrus or cumulonimbus, e.g.CLOUD
85.3%
'Andre the ___'GIANT
84.3%
Clue 5-Letter Word % Correct
Push the accelerator all the way downFLOOR
82.7%
Ground grains for bakingFLOUR
81.6%
A delugeFLOOD
81.6%
Influence or pullCLOUT
65.3%
In a spoken voiceALOUD
64.1%
Treat with contemptuous disregardFLOUT
58.9%
Happily laughing and joyfulRIANT
8.7%

Today's Daily Dose

Missing Word
'T' Pairs

Word Ladder
Game Pieces

Get the Picture
Baseball Movies

Remove Ads.
Support Sporcle.
Get the best of Sporcle when you Go Orange. This ad-free experience offers more features, more stats, and more fun while also helping to support Sporcle. Thank you for becoming a member.

You're not logged in!

Compare scores with friends on all Sporcle quizzes.
OR
Log In

Show Comments

Extras

Top Quizzes Today


Score Distribution

Your Account Isn't Verified!

In order to create a playlist on Sporcle, you need to verify the email address you used during registration. Go to your Sporcle Settings to finish the process.

Report this User

Report this user for behavior that violates our Community Guidelines.

Details: